LDR 00776naa#a2200169#i#450# 001 RU\\bibl\120969 005 20260705154032.7 011 ## _a2073-0454 100 ## _a20251015b2025####ek#y0rusy0150####ca 102 ## _aRU 200 1# _aСодержание правового механизма разрешения политического кризиса _eЖурнальная статья 210 1# _aМосква _cМосковский университет МВД России имени В.Я. Кикотя _d2025 215 ## _a5 с. 608 ## _aЖурнальная статья _2local 675 ## _aВерховная власть. Суверенитет. Формы правления. 342.3 _z 700 #1 _aВагапов _gМуса Алимпашаевич 856 4# _amosumvd.editorum.ru _u